书目信息 |
| 题名: |
地籍管理
|
|
| 作者: | 王华春 , 苏根成 主编 | |
| 分册: | ||
| 出版信息: | 北京 北京师范大学出版社 2017.03 |
|
| 页数: | 395页 | |
| 开本: | 23cm | |
| 丛书名: | ||
| 单 册: | ||
| 中图分类: | P273 | |
| 科图分类: | ||
| 主题词: | 地籍管理--高等学校--教材 | |
| 电子资源: | ||
| ISBN: | 978-7-303-22071-7 | |
| 000 | 00926nam0 2200265 450 | |
| 001 | 5505 | |
| 005 | 20181016164137.09 | |
| 010 | @a978-7-303-22071-7@dCNY49.00 | |
| 100 | @a20180217d2017 em y0chiy50 ea | |
| 101 | 0 | @achi |
| 102 | @aCN@b110000 | |
| 105 | @ay z 000yy | |
| 200 | 1 | @a地籍管理@9di ji guan li@dCadastral management@f王华春,苏根成主编@zeng |
| 205 | @a2版 | |
| 210 | @a北京@c北京师范大学出版社@d2017.03 | |
| 215 | @a395页@d23cm | |
| 300 | @a新世纪高等学校规划教材·土地管理核心课系列 | |
| 330 | @a本书共八章,主要内容包括:地籍管理概论、土地利用现状调查、地籍调查、土地条件调查、土地登记、土地分等定级、土地统计、地籍信息管理。 | |
| 510 | 1 | @aCadastral management@zeng |
| 606 | 0 | @a地籍管理@x高等学校@j教材 |
| 690 | @aP273@v5 | |
| 701 | 0 | @a王华春@9wang hua chun@f(1973.7-)@4主编 |
| 701 | 0 | @a苏根成@9su gen cheng@f(1957-)@4主编 |
| 801 | 0 | @aCN@b91MARC@c20180217 |
| 905 | @aMuseLib@dP273@e291=2 | |
| 地籍管理=Cadastral management/王华春,苏根成主编.-2版.-北京:北京师范大学出版社,2017.03 |
| 395页;23cm |
| 新世纪高等学校规划教材·土地管理核心课系列 |
| ISBN 978-7-303-22071-7:CNY49.00 |
| 本书共八章,主要内容包括:地籍管理概论、土地利用现状调查、地籍调查、土地条件调查、土地登记、土地分等定级、土地统计、地籍信息管理。 |
| ● |
| 相关链接 |
|
|
|
|
正题名:地籍管理
索取号:P273/291=2
 
预约/预借
| 序号 | 登录号 | 条形码 | 馆藏地/架位号 | 状态 | 备注 |
| 1 | 1130040 | 211300402 | 第二样本阅览室/ [索取号:P273/291=2] | 在馆 | |
| 2 | 1130041 | 211300411 | 第三借阅区/ [索取号:P273/291=2] | 在馆 | |
| 3 | 1130042 | 211300420 | 第三借阅区/ [索取号:P273/291=2] | 在馆 | |
| 4 | 1130043 | 211300439 | 第三借阅区/ [索取号:P273/291=2] | 在馆 | |
| 5 | 1130044 | 211300448 | 密集书库-资源管理系/ [索取号:P273/291=2] | 在馆 |